Water-Surface Profile and Flood Boundaries for the Computed 100-Year Flood, Tongue River, Northern Cheyenne Indian Reservation and Adjacent Area, Montana, U.S. Geological Survey, Water-Resources Investigations Report 98-4066, 1998.

Bibliographic Details
Corporate Author: Geological Survey (U.S.)
Format: Government Document Book
Language:English
Published: [Place of publication not identified] : [publisher not identified], [1998?]

MARC

Tag First Indicator Second Indicator Subfields
LEADER 00000cam a22000007a 4500
001 in00000000097
005 20151001050025.0
008 980820s1998 xxu f000 0 eng d
035 |a (OCoLC) 
035 |a tmp97129375 
035 |9 AHS7331AM 
040 |a MvI  |c MvI  |d UtOrBLW 
049 |a UDOC 
074 |a 0624-B 
086 0 |a I 19.42/4:98-4066 
245 0 0 |a Water-Surface Profile and Flood Boundaries for the Computed 100-Year Flood, Tongue River, Northern Cheyenne Indian Reservation and Adjacent Area, Montana, U.S. Geological Survey, Water-Resources Investigations Report 98-4066, 1998. 
264 1 |a [Place of publication not identified] :  |b [publisher not identified],  |c [1998?] 
336 |a text  |b txt  |2 rdacontent 
337 |a unmediated  |b n  |2 rdamedia 
338 |a volume  |b nc  |2 rdacarrier 
500 |a Shipping List #: 98-0331-P 
500 |a Shipping List Date: 08/12/98 
710 2 |a Geological Survey (U.S.) 
999 |a MARS 
999 f f |s 0a54a13a-f719-3aa2-8fe1-8b6caa70d319  |i c0300251-ddb4-3cf9-ba43-256dcd7bce01  |t 0 
952 f f |p normal  |a Texas A&M University  |b College Station  |c Sterling C. Evans Library  |d Evans: US Documents (Annex 5th floor)  |t 0  |e I 19.42/4:98-4066  |h Superintendent of Documents classification  |i unmediated -- volume  |m A14820683126 
998 f f |a I 19.42/4:98-4066  |t 0  |l Evans: US Documents (Annex 5th floor)